| 000 | 00936nam a2200277 i 4500 | ||
|---|---|---|---|
| 003 | DO-SdBNP | ||
| 005 | 20250404103127.0 | ||
| 007 | ta | ||
| 008 | 110413s1999 dr a 000 j spa d | ||
| 020 | _a9993488917 | ||
| 040 |
_aDO-SdBNP _bspa _cBNPHU _erda |
||
| 082 | 4 |
_axxx _bM516 _222 |
|
| 100 | 1 |
_aMejía Vallejo, Fausto Ramón, _eautor _4aut. _920492 |
|
| 245 | 1 | 0 |
_aVamos hacia el padre / _cFausto Ramón Mejía Vallejo, José Salvador Mejía ; prólogo, Mateo Andrés |
| 250 | _aSegunda edición | ||
| 264 | 4 |
_aSanto Domingo : _bEdiciones MSC, _c©1999. |
|
| 300 |
_a208 páginas : _bIlustraciones ; _c22 cm. |
||
| 336 |
_atexto _btxt _2rdacontent |
||
| 337 |
_asin mediación _bn _2rdamedia |
||
| 338 |
_avolumen _bnc _2rdacarrier |
||
| 590 | _aInventariado, 2023/ YL | ||
| 700 | 1 |
_aMejía, José Salvador, _eautor. _4aut. _945731 |
|
| 700 | 1 |
_aAndrés, Mateo, _eprologuista _4pr. _97205 |
|
| 910 | _aYLockward | ||
| 942 |
_2ddc _cLBS1 |
||
| 999 |
_c55525 _d55525 |
||